Turkish Süper Lig Winners - Statistics

General Stats
  • This quiz has been taken 714 times
  • The average score is 65 of 66
Answer Stats
Year Answer % Correct
2024 Galatasaray
100%
2023 Galatasaray
100%
2019 Galatasaray
100%
2018 Galatasaray
100%
2015 Galatasaray
100%
2013 Galatasaray
100%
2012 Galatasaray
100%
2008 Galatasaray
100%
2006 Galatasaray
100%
2002 Galatasaray
100%
2000 Galatasaray
100%
1999 Galatasaray
100%
1998 Galatasaray
100%
1997 Galatasaray
100%
1994 Galatasaray
100%
1993 Galatasaray
100%
1988 Galatasaray
100%
1987 Galatasaray
100%
1973 Galatasaray
100%
1972 Galatasaray
100%
1971 Galatasaray
100%
1969 Galatasaray
100%
1963 Galatasaray
100%
1962 Galatasaray
100%
2021 Beşiktaş
99%
2017 Beşiktaş
99%
2016 Beşiktaş
99%
2009 Beşiktaş
99%
2003 Beşiktaş
99%
1995 Beşiktaş
99%
1992 Beşiktaş
99%
1991 Beşiktaş
99%
1990 Beşiktaş
99%
1986 Beşiktaş
99%
1982 Beşiktaş
99%
1967 Beşiktaş
99%
1966 Beşiktaş
99%
1960 Beşiktaş
99%
2014 Fenerbahçe
99%
2011 Fenerbahçe
99%
2007 Fenerbahçe
99%
2005 Fenerbahçe
99%
2004 Fenerbahçe
99%
2001 Fenerbahçe
99%
1996 Fenerbahçe
99%
1989 Fenerbahçe
99%
1985 Fenerbahçe
99%
1983 Fenerbahçe
99%
1978 Fenerbahçe
99%
1975 Fenerbahçe
99%
1974 Fenerbahçe
99%
1970 Fenerbahçe
99%
1968 Fenerbahçe
99%
1965 Fenerbahçe
99%
1964 Fenerbahçe
99%
1961 Fenerbahçe
99%
1959 Fenerbahçe
99%
2022 Trabzonspor
96%
1984 Trabzonspor
96%
1981 Trabzonspor
96%
1980 Trabzonspor
96%
1979 Trabzonspor
96%
1977 Trabzonspor
96%
1976 Trabzonspor
96%
2020 Istanbul Başakşehir
93%
2010 Bursaspor
88%
No matching quizzes found
Score Distribution
Percent of People with Each Score
Percentile by Number Answered
Your Score History
You have not taken this quiz